Statystyki dla Najmniej zaludnione państwa na świecie

Kliknij tutaj aby rozwiązać quiz!

Ogólne statystyki

  • Ten quiz został rozwiązany 152 razy
  • Średni wynik to 4 z 9

Statystyki odpowiedzi

liczba ludnośćiOdpowiedź% Poprawnych
825Watykan
94%
33 938San Marino
78%
38 137Liechtenstein
61%
10 834Nauru
58%
11 792Tuvalu
55%
18 092Palau
43%
59 194Wyspy Marshalla
33%
71 991Dominika
15%
53 192St. Kitts i Nevis
8%

Rozkład punktacji

Percentyl według liczby udzielonych odpowiedzi

Procent ludzi z każdym wynikiem

Twoja historia wyników

Nie rozwiązałeś tego quizu